| 000 | 00857nam a2200229 a 4500 | ||
|---|---|---|---|
| 003 | CO-ViMGA | ||
| 005 | 20230915233133.0 | ||
| 008 | 150529n2015 xx a gr 00010 spa d | ||
| 020 | _a9789962041771 | ||
| 040 |
_aCO-ViMGA _bspa _cCO-ViMGA |
||
| 082 | 0 | 4 |
_a749.3 _bM83m |
| 245 | 0 | 0 |
_aMueble rústico contemporáneo _credacción Andrea Korniusza ; editor Oscar Asensio |
| 250 | _aEdición especial para El Ministerio de Cultura, Biblioteca Nacional de Colombia | ||
| 260 |
_a[Lugar de publicacion no identificado] _bLexus _c2015 |
||
| 300 |
_a199 páginas _bfotografïas _c34 cm. |
||
| 650 | 1 | 4 |
_aMesas de madera _vCatalogos _2LEMB _923792 |
| 650 | 1 | 4 |
_aMuebles en madera _vCatálogos _2LEMB _923791 |
| 650 | 1 | 4 |
_aSillas de madera _vCatalogos _2LEMB _923793 |
| 700 | 1 | 0 |
_aAsensio, Oscar _eeditor _925935 |
| 700 | 1 | 0 |
_aKorniusza, Andrea _923794 |
| 942 |
_2ddc _cBK |
||
| 999 |
_c4104 _d4104 |
||